Stolice wszystkich województw - Statystyki

Ogólne statystyki
  • Ten quiz został rozwiązany 34 razy
  • Średni wynik to 15 z 16
Statystyki odpowiedzi
Województwo Odpowiedź % Poprawnych
Małopolskie Kraków
100%
Lubelskie Lublin
100%
Opolskie Opole
100%
Mazowieckie Warszawa
100%
Dolnośląskie Wrocław
100%
Pomorskie Gdańsk
96%
Śląskie Katowice
96%
Łódzkie Łódź
96%
Wielkopolskie Poznań
96%
Zachodniopomorskie Szczecin
96%
Podlaskie Białystok
93%
Kujawsko-Pomorskie Bydgoszcz/Toruń
93%
Lubuskie Gorzów Wielkopolski/Zielona góra
89%
Świętokrzyskie Kielce
86%
Podkarpackie Rzeszów
86%
Warmińsko-Mazurskie Olsztyn
82%
Nie znaleziono quizów pasujących do podanych kryteriów
Rozkład punktacji
Procent ludzi z każdym wynikiem
Percentyl według liczby udzielonych odpowiedzi
Twoja historia wyników
Nie rozwiązałeś tego quizu